Auswirkungen von Industrie 4.0 auf das Studium der Betriebswirtschaft Eine Analyse des Status Quo
Uložené v:
| Hlavný autor: | |
|---|---|
| Ďalší autori: | , , |
| Médium: | Kniha |
| Jazyk: | German |
| Vydavateľské údaje: |
Frankfurt am Main
Neowiss - Europäischer Wissenschaftsverlag
2020
|
| Vydanie: | 1. Auflage |
| Edícia: | Wissenschaftsedition
|
| Predmet: | |
| Tagy: |
Žiadne tagy, Buďte prvý, kto otaguje tento záznam!
|
MARC
| LEADER | 00000nam a2200000 4500 | ||
|---|---|---|---|
| 001 | 0263962 | ||
| 005 | 20240502083758.5 | ||
| 020 | |a 978-3-945484-20-3 | ||
| 041 | 0 | |a ger | |
| 044 | |a DE | ||
| 245 | 1 | 0 | |a Auswirkungen von Industrie 4.0 auf das Studium der Betriebswirtschaft |b Eine Analyse des Status Quo |c Susann Wieczorek, Peter Dorčák ; Gutachter: Peter Markovič, Mathias R. Bauer |
| 250 | |a 1. Auflage | ||
| 264 | 1 | |a Frankfurt am Main |b Neowiss - Europäischer Wissenschaftsverlag |c 2020 | |
| 300 | |a 171 s. [8,10 AH] | ||
| 490 | 1 | |a Wissenschaftsedition | |
| 830 | 0 | |a Wissenschaftsedition | |
| 610 | 2 | 0 | |a priemysel 4.0 |
| 610 | 2 | 0 | |a správa podniku |
| 610 | 2 | 0 | |a analýzy |
| 610 | 2 | 0 | |a technológie nové |
| 610 | 2 | 0 | |a výskum |
| 610 | 2 | 0 | |a digitalizácia |
| 610 | 2 | 0 | |a veda |
| 100 | 1 | |a Wieczorek, Susann | |
| 700 | 1 | |a Dorčák, Peter, 1979- | |
| 700 | 1 | |a Markovič, Peter, 1974- | |
| 700 | 1 | |a Bauer, Mathias R. | |